|
|
|
|
| LEADER |
00000nam0a2200000 4500 |
| 001 |
115418 |
| 005 |
20231031122624.0 |
| 010 |
|
|
|a 5953204116
|
| 035 |
|
|
|a (RuTPU)RU\TPU\book\124825
|
| 090 |
|
|
|a 115418
|
| 100 |
|
|
|a 20070507d2006 m y0rusy50 ca
|
| 101 |
0 |
|
|a rus
|
| 102 |
|
|
|a RU
|
| 105 |
|
|
|a a j 001zy
|
| 200 |
1 |
|
|a Электрический привод
|e учебник для вузов
|f Л. П. Шичков
|g Международная ассоциация "Агрообразование"; под ред. Г. В. Лихачевой
|
| 210 |
|
|
|a Москва
|c КолосС
|d 2006
|
| 215 |
|
|
|a 279 с.
|c ил.
|
| 225 |
1 |
|
|a Учебники и учебные пособия для студентов высших учебных заведений
|
| 320 |
|
|
|a Литература: с. 277.
|
| 330 |
|
|
|a Даны основные сведения о электроприводе, электромеханических свойствах электродвигателей, способах и средствах регулирования координат и переходных процессах электропривода. Рассмотрены нагрев и расчет мощности двигателя в системе электропривода. Изложен материал по автоматизации, оценке эффективности работы и методике выбора электропривода. Описаны особенности работы электропривода в сельском хозяйстве. Для студентов вузов по специальности «Электрификация и автоматизация сельского хозяйства».
|
| 610 |
1 |
|
|a электроприводы
|
| 610 |
1 |
|
|a электрические приводы
|
| 610 |
1 |
|
|a механика
|
| 610 |
1 |
|
|a двигатели
|
| 610 |
1 |
|
|a электромеханические свойства
|
| 610 |
1 |
|
|a регулирование
|
| 610 |
1 |
|
|a переходные процессы
|
| 610 |
1 |
|
|a мощность
|
| 610 |
1 |
|
|a расчет
|
| 610 |
1 |
|
|a нагрев
|
| 610 |
1 |
|
|a автоматизация
|
| 610 |
1 |
|
|a оценка
|
| 610 |
1 |
|
|a выбор
|
| 610 |
1 |
|
|a сельское хозяйство
|
| 610 |
1 |
|
|a сельскохозяйственные электроприводы
|
| 610 |
1 |
|
|a центробежные машины
|
| 610 |
1 |
|
|a грузоподъемные механизмы
|
| 610 |
1 |
|
|a механизмы циклического действия
|
| 610 |
1 |
|
|a механизмы непрерывного действия
|
| 610 |
1 |
|
|a станочное оборудование
|
| 610 |
1 |
|
|a мобильные машины
|
| 610 |
1 |
|
|a ручные машины
|
| 610 |
1 |
|
|a ручные инструменты
|
| 610 |
1 |
|
|a учебники
|
| 675 |
|
|
|a 62-83(075.8)
|v 3
|
| 675 |
|
|
|a 631.17(075.8)
|v 3
|
| 700 |
|
1 |
|a Шичков
|b Л. П.
|g Леонид Петрович
|
| 702 |
|
1 |
|a Лихачева
|b Г. В.
|4 340
|
| 712 |
0 |
2 |
|a Международная ассоциация "Агрообразование"
|2 stltpush
|3 (RuTPU)RU\TPU\col\10748
|
| 801 |
|
1 |
|a RU
|b 63413507
|c 20070507
|g PSBO
|
| 801 |
|
2 |
|a RU
|b 63413507
|c 20150529
|g PSBO
|
| 900 |
|
|
|a Основы электропривода
|
| 900 |
|
|
|a Элементы систем электропривода
|
| 900 |
|
|
|a Средства автоматизации гибких автоматизированных систем
|
| 900 |
|
|
|a Электрический привод
|
| 942 |
|
|
|c BK
|
| 953 |
|
|
|b 110302
|
| 959 |
|
|
|a 34/20070426
|d 1
|e 198,00
|f ЧЗТЛ:1
|